LDR 00918naa#a2200169#i#450# 001 RU\\bibl\123373 005 20260705165156.7 011 ## _a1994-4683 100 ## _a20230731b2023####ek#y0rusy0150####ca 102 ## _aRU 200 1# _aДИНАМИКА РАЗВИТИЯ СКОРОСТНЫХ СПОСОБНОСТЕЙ И БЫСТРОТЫ У ЮНЫХ БОКСЕРОВ В СООТВЕТСТВИИ С ИНДИВИДУАЛЬНО-ПСИХОЛОГИЧЕСКИМИ ОСОБЕННОСТЯМИ _eЖурнальная статья 210 1# _aМосква _cНациональный государственный Университет физической культуры, спорта и здоровья им. П.Ф. Лесгафта _d2023 215 ## _a4 с. 608 ## _aЖурнальная статья _2local 675 ## _aБокс. 796.83 _z 700 #1 _aДемченко _gЮрий Владимирович 856 4# _auchzapiski.lesgaft.spb.ru _u